Administración de los bienes de Dios

में बचाया:
ग्रंथसूची विवरण
मुख्य लेखक: Smith, Pablo G.
स्वरूप: पुस्तक
भाषा:स्पेनिश
प्रकाशित: Publicaciones Interamericanas. 1973.
विषय:
टैग: टैग जोड़ें
कोई टैग नहीं, इस रिकॉर्ड को टैग करने वाले पहले व्यक्ति बनें!

MARC

LEADER 00000nam a22000005a 4500
001 9481
003 CL-ChBUA
005 20120815103202.0
008 070301s1973 xxu 000 0 spa
040 |a CL-ChBUA  |c CL-ChBUA 
082 0 0 |a 254.8 
090 |c 9481  |d 9481 
100 1 |a Smith, Pablo G. 
245 1 0 |a Administración de los bienes de Dios 
260 |b Publicaciones Interamericanas.  |c 1973. 
300 |a 127 p.  |c 19 cm. 
504 |a Indice. 
650 4 |a MAYORDOMIA CRISTIANA. 
942 |c LIB 
952 |0 0  |1 0  |4 0  |7 0  |9 14000  |a UNACH  |b UNACH  |c 200  |d 2007-03-05  |i 16.062.  |l 7  |m 3  |o 254.8 / S 656.  |p 14999  |r 2023-11-21 00:00:00  |s 2023-11-16  |u 14000  |w 2012-08-08  |y LIB  |k 254.8 / S 656. 
999 |c 9481  |d 9481